Datum a čas kvízu
29.5
Celkem bodů
Celkový počet nahraných bodů na tomto kvízu bez doplňovacích otázek.
4.
Pořadí na kvízu
Konečné umístění týmu na tomto kvízu.
Zaznamenané odpovědi
| # | Otázka | Odpověď | Body | Výsledky |
|---|---|---|---|---|
| 1. | V Plzni na Slovanech jsou prvn... | poznají, že někdo jde kolem a zvýší svítivost | 0 | |
| 2. | Ve které středoasijské zemi za... | v Kazachstánu | 1 | |
| 3. | Ukrajinskému ministru kultury... | Emily in Paris | 1 | |
| 4. | V uplynulém týdnu vůbec první... | Apple | 0 | |
| 5. | Hokejisty Pardubic po neshodác... | Jakub Nakládal | 1 | |
| 6. | V následujícím tématu si připo... | Eleonora Šomková, Lori | 0 | |
| 7. | Herec Heath Ledger zemřel neče... | Kletba bratří Grimmů, Legendy z Dogtownu | 0 | |
| 8. | Anne Franková je navzdory svém... | Bergen-Belsen | 0 | |
| 9. | Nevynecháme ani známé hudebník... | 1994 | 1 | |
| 10. | V poslední otázce se vrátíme n... | 1B 2C 3D 4A | 0 |